JR路線の起終点駅(JR四国編) - Statistics

General Stats
  • This quiz has been taken 162 times
  • The average score is 17 of 22
Answer Stats
Hint Answer % Correct
予讃線 高松
100%
高徳線 高松
100%
徳島
98%
牟岐線 徳島
98%
鳴門
97%
宇和島
94%
宇多津
91%
土讃線 多度津
89%
内子
83%
内子
83%
阿波海南
79%
本四備讃線 茶屋町
78%
窪川
77%
伊予大洲
75%
北宇和島
73%
徳島線
71%
佐古
65%
鳴門線 池谷
64%
予土線 若井
58%
支線1 向井原
42%
支線2 新谷
31%
内子線 新谷
31%
No matching quizzes found
Score Distribution
Percent of People with Each Score
Percentile by Number Answered
Your Score History
You have not taken this quiz